header

Deleuzian fabulation and the scars of history (Record no. 183562)

MARC details
000 -LEADER
fixed length control field 01209nam a2200325Ia 4500
100 1# - MAIN ENTRY--AUTHOR NAME
Personal name Bogue, Ronald,
245 10 - TITLE STATEMENT
Title Deleuzian fabulation and the scars of history
260 ## - PUBLICATION, DISTRIBUTION, ETC. (IMPRINT)
Place of publication Edinburgh :
Name of publisher Edinburgh University Press,
Year of publication c2010.
300 ## - PHYSICAL DESCRIPTION
Number of Pages vi, 248 p.
490 1# - SERIES STATEMENT
Series statement Plateaus
500 ## - GENERAL NOTE
General note Includes index.
650 #0 - SUBJECT ADDED ENTRY--TOPICAL TERM
Topical Term Criticism.
Topical Term Narration (Rhetoric)
856 40 - ELECTRONIC LOCATION AND ACCESS
Uniform Resource Identifier http://site.ebrary.com/lib/rucke/Doc?id=10409248

No items available.

© 2026 Rongo University
Contact us: librarian | system librarian | Rongo university